Public affairs in practice a practical guide to lobbying /

Bibliographic Details
Main Author: Thomson, Stuart, 1972-
Corporate Author: ProQuest (Firm)
Other Authors: John, Steve.
Format: Electronic eBook
Language:English
Published: London ; Philadephia : Kogan Page, 2007.
Series:PR in practice series.
Subjects:
Online Access:Click to View
LEADER 01387nam a2200397Ia 4500
001 EBC288523
003 MiAaPQ
005 20200520144314.0
006 m o d |
007 cr cn|||||||||
008 060517s2007 enk sb 001 0 eng d
010 |z  2006016468 
020 |z 074944472X 
020 |z 9780749444723 
035 |a (MiAaPQ)EBC288523 
035 |a (Au-PeEL)EBL288523 
035 |a (CaPaEBR)ebr10502430 
035 |a (CaONFJC)MIL85161 
035 |a (OCoLC)123414953 
040 |a MiAaPQ  |c MiAaPQ  |d MiAaPQ 
050 4 |a JF1118  |b .T46 2007 
082 0 4 |a 324/.4  |2 22 
100 1 |a Thomson, Stuart,  |d 1972- 
245 1 0 |a Public affairs in practice  |h [electronic resource] :  |b a practical guide to lobbying /  |c Stuart Thomson and Steve John. 
260 |a London ;  |a Philadephia :  |b Kogan Page,  |c 2007. 
300 |a xvii, 168 p. 
490 1 |a PR in practice series 
504 |a Includes bibliographical references and index. 
533 |a Electronic reproduction. Ann Arbor, MI : ProQuest, 2015. Available via World Wide Web. Access may be limited to ProQuest affiliated libraries. 
650 0 |a Lobbying. 
650 0 |a Pressure groups. 
655 4 |a Electronic books. 
700 1 |a John, Steve. 
710 2 |a ProQuest (Firm) 
830 0 |a PR in practice series. 
856 4 0 |u https://ebookcentral.proquest.com/lib/matrademy/detail.action?docID=288523  |z Click to View